000 00509nam a2200181Ia 4500
003 LDD
008 181101s9999 xx 000 0 und d
020 _a8187231262
_c200.00
040 _cLDD
100 _aSahar, Abu Mohd.
245 0 _aUrdu mein qaseeda nigari
_cAbu Mohd. Sahar
260 _aNew Delhi
_bTakhleeqkar Publishers
_c2010
300 _a288p.
901 _a15921
_b17-03-2017
902 _a2841
_b17-03-2017
_cF
_dPIBD
_e8U
903 _a20
_bReqst by : Mohd. Akbar
942 _2ddc
_cUR
999 _c254
_d254